00820nam a2200193 a 450000100100000000500170001000800410002704000250006808200160009311000720010924501470018126000370032830000200036549000350038570000330042083000420045395201140049599900170060900002876520200930055126.0110412s1994 dr 000 0 spa d aDO-SdBNPbspacBNPHU axxxbC3978t2 aCentro Nacional de Investigaciones en Salud Materno Infantil95575713aEl embarazo en mujeres adolescentes en la República Dominicana :bAnalisis de estudios realizados entre 1977-1992 /ceditor Hugo R. Mendoza. aSanto Domingo :bCENISMI,c1994. a63 p. ;c28 cm.1 aPublicaciones técnicasvv. 11 aMendoza, Hugo R.,eed.96390 0aPublicaciones técnicasvv. 1955758 0010718PDaPDbPDcCTd2011-04-12iLF1l0oxxx C3978tp28765-10r2020-06-25w2020-06-25yLFPDZNo se presta c28257d28257